Statistics for World Capitals Containing E - Three Minute Sprint

Click here to take the quiz!

General Stats

  • This quiz has been taken 1,622 times
  • The average score is 47 of 76

Answer Stats

capital% Correct
Berlin
88%
Buenos Aires
84%
Bern
82%
Rome
80%
Bucharest
79%
Wellington
78%
Budapest
77%
Mexico City
77%
Amsterdam
76%
Helsinki
76%
Beijing
75%
Zagreb
75%
Algiers
74%
Belgrade
73%
Georgetown
72%
Jerusalem
72%
Canberra
71%
New Delhi
71%
Reykjavík
71%
Tehran
71%
Athens
70%
Beirut
68%
Belmopan
68%
Pretoria
68%
Yerevan
68%
Brussels
67%
Andorra la Vella
66%
Vienna
66%
Copenhagen
64%
Port-au-Prince
64%
Prague
64%
Seoul
64%
Tegucigalpa
64%
Guatemala City
63%
Lomé
63%
Bridgetown
62%
Montevideo
62%
Singapore
62%
Saint George's
61%
Yaren
61%
Luxembourg
60%
Valletta
60%
Castries
59%
Sucre
59%
Kiev
58%
Port Moresby
58%
San Jose
58%
Basseterre
57%
Maseru
57%
Windhoek
57%
Libreville
56%
Freetown
55%
Malé
55%
Vientiane
55%
Yaoundé
55%
Cape Town
54%
Dushanbe
54%
Gaborone
54%
Bishkek
53%
Taipei
53%
Tashkent
53%
Brazzaville
51%
Roseau
51%
Niamey
50%
Sarajevo
50%
Skopje
50%
Bandar Seri
Begawan
49%
Harare
49%
São Tomé
48%
Ngerulmud
47%
Mbabane
44%
N'Djamena
44%
Phnom Penh
42%
Lilongwe
40%
Bloemfontein
37%
Sri Jayawarde-
nepura Kotte
33%

Score Distribution

Percentile by Number Answered

Percent of People with Each Score

Your Score History

You have not taken this quiz